000 00477nam a22001575i 4500
001 160874
003 ES-MaACL
005 20230906212138.0
008 041004s1888 sp |||| | spa d
040 _aCAM
_bspa
_cCAM
100 1 _aOcantos, Carlos María.
_986453
245 1 0 _aLeón Saldívar /
_cCarlos María Ocantos.
260 _aMadrid :
_b[s.n.],
_c1888 (
_fImprenta de Fortanet)
300 _a321 p. ;
_c18 cm.
852 _aES-MaACL
_jG-8045
_z-- Enc. pasta española
999 _c160874
_d160874